000 00342 a2200157 4500
001 57263
020 _a8526241397
040 _cAnchieta - Pituba
100 _aPalaoro, V. J.
240 1 0 _aVira-lata, sim senhor!
_lpor
245 1 0 _aVira-lata, sim senhor!
300 _a72
362 0 _a2004
650 4 _aLiteratura juvenil
942 _cBK
999 _c57263
_d57263